000 00365nam a2200157Ia 4500
003 Ost
005 20260225132541.0
008 260225s9999||||xx |||||||||||||| ||und||
040 _cfsic
041 _afre
082 _a384.5
100 _aManuel Bamberger
_eAuteur
245 0 _aLA radio en france et en europe /
245 0 _cManuel Bamberger
942 _cكتاب
999 _c33526
_d33526